<?xml version="1.0" encoding="UTF-8"?>
<record
    xmlns:xsi="http://www.w3.org/2001/XMLSchema-instance"
    xsi:schemaLocation="http://www.loc.gov/MARC21/slim http://www.loc.gov/standards/marcxml/schema/MARC21slim.xsd"
    xmlns="http://www.loc.gov/MARC21/slim">

  <leader>01553nam a2200301 a 4500</leader>
  <controlfield tag="001">000025340</controlfield>
  <controlfield tag="003">DO-SdBNP</controlfield>
  <controlfield tag="005">20251022121453.0</controlfield>
  <controlfield tag="007">ta</controlfield>
  <controlfield tag="008">110215s2000    dr           f001 0 spa d</controlfield>
  <datafield tag="040" ind1=" " ind2=" ">
    <subfield code="a">DO-SdBNP</subfield>
    <subfield code="b">spa</subfield>
    <subfield code="c">BNPHU</subfield>
  </datafield>
  <datafield tag="082" ind1=" " ind2=" ">
    <subfield code="a">327.729</subfield>
    <subfield code="b">C969m</subfield>
  </datafield>
  <datafield tag="111" ind1="2" ind2=" ">
    <subfield code="a">Cumbre de jefes de estado y de gobierno de la Asociaci&#xF3;n de Estados del Caribe</subfield>
    <subfield code="n">(2&#xAA; :</subfield>
    <subfield code="d">1999 abr. 16 :</subfield>
    <subfield code="c">Santo Domingo)</subfield>
    <subfield code="9">51893</subfield>
  </datafield>
  <datafield tag="245" ind1="1" ind2="0">
    <subfield code="a">Memoria.</subfield>
  </datafield>
  <datafield tag="260" ind1=" " ind2=" ">
    <subfield code="a">Santo Domingo :</subfield>
    <subfield code="b">Secretar&#xED;a de Estado de Relaciones Exteriores,</subfield>
    <subfield code="c">2000.</subfield>
    <subfield code="f">Amigo del Hogar</subfield>
  </datafield>
  <datafield tag="300" ind1=" " ind2=" ">
    <subfield code="a">162 p.</subfield>
    <subfield code="a">23 cm.</subfield>
  </datafield>
  <datafield tag="505" ind1="0" ind2=" ">
    <subfield code="g">Presentaci&#xF3;n /</subfield>
    <subfield code="r">Eduardo Latorre --</subfield>
    <subfield code="t">La Asociaci&#xF3;n de Estados del Caribe (AEC) --</subfield>
    <subfield code="t">Informaci&#xF3;n general sobre los pa&#xED;ses miembros de la ARC --</subfield>
    <subfield code="t">Ceremonia de inauguraci&#xF3;n --</subfield>
    <subfield code="t">Sesi&#xF3;n de trabajo: discursos pronunciados por los excelent&#xED;simos se&#xF1;ores jefes de estado y de gobierno --</subfield>
    <subfield code="t">Ceremonia de clausura --</subfield>
    <subfield code="t">Documentos finales.</subfield>
  </datafield>
  <datafield tag="590" ind1=" " ind2=" ">
    <subfield code="a">Inventariado, 2018/BT</subfield>
  </datafield>
  <datafield tag="650" ind1=" " ind2="4">
    <subfield code="a">Conferencia cumbre</subfield>
    <subfield code="9">51894</subfield>
  </datafield>
  <datafield tag="650" ind1=" " ind2="4">
    <subfield code="a">Conferencias interamericanas</subfield>
    <subfield code="9">51895</subfield>
  </datafield>
  <datafield tag="650" ind1=" " ind2="4">
    <subfield code="a">Jefes de estado</subfield>
    <subfield code="z">Am&#xE9;rica Latina</subfield>
    <subfield code="x">Congresos, conferencias, etc.</subfield>
    <subfield code="9">46249</subfield>
  </datafield>
  <datafield tag="650" ind1=" " ind2="4">
    <subfield code="a">Presidentes</subfield>
    <subfield code="x">Ensayos, conferencias, etc.</subfield>
    <subfield code="9">2273</subfield>
  </datafield>
  <datafield tag="651" ind1=" " ind2="0">
    <subfield code="a">Caribe (Regi&#xF3;n)</subfield>
    <subfield code="x">Relaciones Exteriores</subfield>
    <subfield code="x">Congresos, conferencias, etc.</subfield>
    <subfield code="9">87401</subfield>
  </datafield>
  <datafield tag="651" ind1=" " ind2="4">
    <subfield code="a">Am&#xE9;rica Latina</subfield>
    <subfield code="x">Relaciones exteriores</subfield>
    <subfield code="x">Congresos, conferencias, etc.</subfield>
    <subfield code="9">8592</subfield>
  </datafield>
  <datafield tag="710" ind1="2" ind2=" ">
    <subfield code="a">Rep&#xFA;blica Dominicana. Secretar&#xED;a de Estado de Relaciones Exteriores.</subfield>
    <subfield code="9">2256</subfield>
  </datafield>
  <datafield tag="910" ind1=" " ind2=" ">
    <subfield code="a">Validado. Control de calidad. EMS</subfield>
  </datafield>
  <datafield tag="942" ind1=" " ind2=" ">
    <subfield code="2">ddc</subfield>
    <subfield code="c">LBS1</subfield>
  </datafield>
  <datafield tag="952" ind1=" " ind2=" ">
    <subfield code="0">0</subfield>
    <subfield code="1">0</subfield>
    <subfield code="7">1</subfield>
    <subfield code="8">PD</subfield>
    <subfield code="a">PD</subfield>
    <subfield code="b">PD</subfield>
    <subfield code="c">HD</subfield>
    <subfield code="d">2011-02-15</subfield>
    <subfield code="i">LF1</subfield>
    <subfield code="l">0</subfield>
    <subfield code="o">327.729 C969m</subfield>
    <subfield code="p">25340-10</subfield>
    <subfield code="r">2020-06-25</subfield>
    <subfield code="w">2020-06-25</subfield>
    <subfield code="y">LFPD</subfield>
    <subfield code="Z">No se presta</subfield>
  </datafield>
  <datafield tag="952" ind1=" " ind2=" ">
    <subfield code="0">0</subfield>
    <subfield code="1">0</subfield>
    <subfield code="7">1</subfield>
    <subfield code="8">PD</subfield>
    <subfield code="a">PD</subfield>
    <subfield code="b">PD</subfield>
    <subfield code="c">HD</subfield>
    <subfield code="d">2011-02-15</subfield>
    <subfield code="i">LF1</subfield>
    <subfield code="l">0</subfield>
    <subfield code="o">327.729 C969m</subfield>
    <subfield code="p">25340-20</subfield>
    <subfield code="r">2020-06-25</subfield>
    <subfield code="t">e. 2</subfield>
    <subfield code="w">2020-06-25</subfield>
    <subfield code="y">LFPD</subfield>
    <subfield code="Z">No se presta</subfield>
  </datafield>
  <datafield tag="999" ind1=" " ind2=" ">
    <subfield code="c">24832</subfield>
    <subfield code="d">24832</subfield>
  </datafield>
</record>
